Sociología industrial.

Enregistré dans:
Détails bibliographiques
Format: Livre
Langue:espagnol
Tags: Ajouter un tag
Pas de tags, Soyez le premier à ajouter un tag!

MARC

LEADER 00000cam^a2200000uu^4500
001 000465386
005 20250521000000.0
008 050901s1966^^^^^^^^^^^^rd^r^^000^0^spa^d
009 20260310124358.512
035 |a FCE 000008006 
035 |a FCE 031423 
037 |a Acervo ITESO - Biblioteca 
041 |a spa 
082 0 4 |a 331  |b BARs 
245 1 0 |a Sociología industrial. 
264 |a México :  |b Trillas,  |c 1966. 
300 |a 101 p. 
336 |a texto  |b txt  |2 rdacontenido 
337 |a sin mediación  |b n  |2 rdamedio 
338 |a volumen  |b nc  |2 rdasoporte 
649 |a XX 
910 |a Fondo Centro de Estudios Educativos 
920 |a Impresos - Libros 
930 |a Fondos Especiales 
905 |a 133 
901 |a ALE031423  |b IT2  |c CEE  |u 20250521 
902 |a https://opac.biblio.iteso.mx/vufind/Record/000465386